MESTSKÁ KNIŽNICA GIRALTOVCE  - online katalóg 

100 zlatých pravidel úspěšného manažera (Record no. 23261)

000 -NÁVESTIE
fixed length control field 01194nam a2200349 a 4500
001 - EVIDENČNÉ ČÍSLO ZÁZNAMU - Kontrolné číslo
control field vtls008695809
005 - DÁTUM A ČAS POSLEDNEJ TRANSAKCIE
control field 20220615113402.0
008 - ÚDAJE S PEVNOU DĹŽKOU – VŠEOBECNÉ INFORMÁCIE
fixed length control field 060426s2006 xr a f 000 0 cze c
020 ## - MEDZINÁRODNÉ ŠTANDARDNÉ ČÍSLO KNIHY (ISBN)
Medzinárodné štandardné číslo knihy (ISBN) 802471387X (brož.)
040 ## - ZDROJ KATALOGIZÁCIE
Pôvodná katalogizujúca agentúra SVKPO
Jazyk katalogizácie slo
Prepisujúca agentúra SVKPO
Konvencie popisu AACR2
041 1# - KÓD JAZYKA
Kód jazyka textu/zvukovej stopy alebo samostatných nápisov cze
Kód jazyka originálu a/alebo sprostredkujúcich prekladov textu eng
044 ## - KÓD KRAJINY VYDAVATEĽA/PRODUCENTA
Kód krajiny MARC xr
Kód krajiny ISO CZ
072 #7 - KÓD PREDMETOVEJ KATEGÓRIE
Kód predmetovej kategórie 005
Pododdiel kódu predmetovej kategórie Manažment. Riadenie
Zdroj konspekt
080 ## - ČÍSLO MEDZINÁRODNÉHO DESATINNÉHO TRIEDENIA (MDT)
Číslo Medzinárodného desatinného triedenia (MDT) 005
Identifikátor vydania MDT-MRF
080 ## - ČÍSLO MEDZINÁRODNÉHO DESATINNÉHO TRIEDENIA (MDT)
Číslo Medzinárodného desatinného triedenia (MDT) 316.46/.47
Identifikátor vydania MDT-MRF
080 ## - ČÍSLO MEDZINÁRODNÉHO DESATINNÉHO TRIEDENIA (MDT)
Číslo Medzinárodného desatinného triedenia (MDT) 331.101.3
Identifikátor vydania MDT-MRF
080 ## - ČÍSLO MEDZINÁRODNÉHO DESATINNÉHO TRIEDENIA (MDT)
Číslo Medzinárodného desatinného triedenia (MDT) (0.062)
Identifikátor vydania MDT-MRF
100 1# - OSOBNÉ MENÁ – VŠEOBECNÉ INFORMÁCIE
Osobné meno Templar, Richard
-- 799
245 10 - NÁZOV
Názov 100 zlatých pravidel úspěšného manažera
Údaj o zodpovednosti atď. Richard Templar ; [z anglického originálu přeložili Milina Krajčovičová, Daniel Helekal]
246 0# - INÁ FORMA NÁZVU
Hlavný názov/skrátený názov Rules of management
246 3# - INÁ FORMA NÁZVU
Hlavný názov/skrátený názov Štyri ročné obdobia
250 ## - ÚDAJ O PORADÍ VYDANIA
Údaj o poradí vydania 1. vyd.
260 ## - VYDAVATEĽSKÉ ÚDAJE, DISTRIBÚCIA ATĎ.
Miesto publikovania, distribúcie atď. Praha
Názov vydavateľa, distibútora atď. Grada
Dátum publikovania, distribúcie atď. 2006
300 ## - FYZICKÝ POPIS
Rozsah 230 s.
Ďalšie fyzické detaily ilistr.
Rozmery 21 cm
650 07 - PRIDANÝ VSTUP – PREDMET – TEMATICKÉ HESLO
Tematické heslo alebo geografický názov ako vstupný prvok manažment
Zdroj hesla alebo termínu snkph
-- 3083
650 07 - PRIDANÝ VSTUP – PREDMET – TEMATICKÉ HESLO
Tematické heslo alebo geografický názov ako vstupný prvok riadiaca práca
Zdroj hesla alebo termínu snkph
-- 3141
650 07 - PRIDANÝ VSTUP – PREDMET – TEMATICKÉ HESLO
Tematické heslo alebo geografický názov ako vstupný prvok profesný úspech
Zdroj hesla alebo termínu snkph
-- 3142
655 #7 - INDEXAČNÝ TERMÍN – ŽÁNER/FORMA
Údaje o žánri/forme alebo termín, ktorý je prvok fazety populárno-náučné publikácie
Zdroj termínu snkph
-- 1486
700 1# - PRIDANÝ VSTUP – OSOBNÉ MENO
Osobné meno Krajčovičová, Milina
Kód roly trl
-- 3143
700 1# - PRIDANÝ VSTUP – OSOBNÉ MENO
Osobné meno Helekal, Daniel
Kód roly trl
-- 3144
765 1# - VÄZBA NA PÔVODNÝ JAZYK
Názov Rules of management . Česky
Záhlavie hlavného vstupu Templar, Richard
Holdings
Stav stiahnutia (Blokovanie) (Withrawn status) Stav straty Zdroj klasifikácie pre skladovanie Stav poškodenia (Damaged status) Nie pre výpožičky (Not for loan) Spôsob nadobudnutia (Collection code) Trvalé umiestnenie Aktuálne umiestnenie Dátum nadobudnutia Inventárne číslo (prírastkové číslo) Full call number Čiarový kód Dátum posledného výskytu Cena s účinnosťou od Typ jednotky Koha
          Dar Mestská knižnica Giraltovce Mestská knižnica Giraltovce 2022-06-15 21594 S1521 S1521 2022-06-15 2022-06-15 Odborná literatúra pre dospelých

Powered by Koha